000 00430nam a2200121Ia 4500
008 220204s9999 xx 000 0 und d
082 _a616
_bSCH
100 _aSchuhardt, Vernon T
245 0 _aPathogenic microbiology: The biology and prevention of selected bacterial fungal rickettsial and viral diseases of clinical importance
260 _aPhiladelphia
_bJ B Lippincott
_c1978
650 _aPathogenic microbiology
942 _cBK
999 _c34464
_d34464